Statistical inference in dynamic economic models / (Record no. 35471)
[ view plain ]
| 000 -LEADER | |
|---|---|
| fixed length control field | 01021cam a22002771 4500 |
| 001 - CONTROL NUMBER | |
| control field | 35471 |
| 003 - CONTROL NUMBER IDENTIFIER | |
| rucl marc code | BD-RjUL |
| 005 - DATE AND TIME OF LATEST TRANSACTION | |
| control field | 20211209052328.0 |
| 008 - FIXED-LENGTH DATA ELEMENTS--GENERAL INFORMATION | |
| fixed length control field | 140525r19671950nyua b 001 0 eng |
| 035 ## - SYSTEM CONTROL NUMBER | |
| System control number | (BD-RjUL)35565 |
| 040 ## - CATALOGING SOURCE | |
| Original cataloging agency | DLC |
| Transcribing agency | ODaWU |
| Modifying agency | OCoLC |
| -- | DLC |
| Language of cataloging | BD-RjUL |
| 082 ## - DEWEY DECIMAL CLASSIFICATION NUMBER | |
| Classification number | 330.182 |
| Author mark and year | STA 1967 |
| 100 1# - MAIN ENTRY--PERSONAL NAME | |
| Personal name | Koopmans, Tjalling C. |
| Fuller form of name | (Tjalling Charles), |
| Dates associated with a name | 1910-1985, |
| 9 (RLIN) | 8640 |
| 245 10 - TITLE STATEMENT | |
| Title | Statistical inference in dynamic economic models / |
| Statement of responsibility, etc. | by Cowles Commission research staff members and guests. Introd. by Jacob Marschak. |
| 260 ## - PUBLICATION, DISTRIBUTION, ETC. (IMPRINT) | |
| Place of publication, distribution, etc. | New York : |
| Name of publisher, distributor, etc. | Wiley ; |
| Date of publication, distribution, etc. | 1967 |
| 300 ## - PHYSICAL DESCRIPTION | |
| Pagination | xiv, 438 p. : |
| Illustrations | illus. ; |
| Size | 26 cm. |
| 490 1# - SERIES STATEMENT | |
| Series statement | Cowles Commission for Research in Economics. Monograph |
| Volume/sequential designation | no. 10 |
| 504 ## - BIBLIOGRAPHY, ETC. NOTE | |
| Bibliography, etc | Bibliography: p. 423-428. |
| 650 #0 - SUBJECT ADDED ENTRY--TOPICAL TERM | |
| Topical term or geographic name as entry element | Economics, Mathematical. |
| 9 (RLIN) | 107986 |
| Topical term or geographic name as entry element | Time-series analysis. |
| 9 (RLIN) | 20577 |
| 830 #0 - SERIES ADDED ENTRY--UNIFORM TITLE | |
| Volume number/sequential designation | no. 10. |
| Uniform title | Monographs of the Cowles Commission for Research in Economics ; |
| 942 ## - ADDED ENTRY ELEMENTS (KOHA) | |
| Source of classification or shelving scheme | Dewey Decimal Classification |
| Koha item type | Books |
| Lost status | Source of classification or shelving scheme | Damaged status | Not for loan | Collection code | Permanent Location | Current Location | Shelving location | Date acquired | Source of acquisition | Cost, normal purchase price | Total Checkouts | Full call number | Date last seen | Copy number | Koha item type |
|---|---|---|---|---|---|---|---|---|---|---|---|---|---|---|---|
| Dewey Decimal Classification | Non-fiction | Central Library, University of Rajshahi | Central Library, University of Rajshahi | 18/12/1967 | NATIONAL BOOk AGENCY | 52.00 | 330.182 STA 1967 | 25/05/2014 | C-2 | Books | |||||
| Dewey Decimal Classification | Non-fiction | Central Library, University of Rajshahi | Central Library, University of Rajshahi | 02/01/1967 | BD News agency. | 55.00 | 330.182 STA 1967 | 25/05/2014 | C-4 | Books | |||||
| Dewey Decimal Classification | Non-fiction | Central Library, University of Rajshahi | Central Library, University of Rajshahi | 25/03/1967 | Euro, B. D News Agency | 330.182 STA 1958 | 25/05/2014 | C-3 | Books | ||||||
| Dewey Decimal Classification | Non-fiction | Central Library, University of Rajshahi | Central Library, University of Rajshahi | 14/12/1967 | Book House Lahore | 55.00 | 330.182 STA 1967 | 25/05/2014 | C-5 | Books | |||||
| Dewey Decimal Classification | Not For Loan | Non-fiction | Central Library, University of Rajshahi | Central Library, University of Rajshahi | Reading Room | 25/03/1967 | Zeit | 330.182 STA 1967 | 25/05/2014 | C-1 | Books | ||||
| Dewey Decimal Classification | Non-fiction | Central Library, University of Rajshahi | Central Library, University of Rajshahi | 18/12/1967 | National Book Agency | 52.00 | 330.182 STA 1967 | 16/06/2014 | C-6 | Books |